Southville International School and Colleges
Your cart is empty.
  • Cart
  • Lists
    Public lists Eva Luna New books Lux_list list_1
    Your lists Log in to create your own lists
  • Log in to your account
  • Your cookies
  • Search history
Southville International School and Colleges
  • Advanced search
  • Recent comments
  • Most popular
  • Libraries

Log in to your account

Log in with GOOGLE


If you do not have an external account, but do have a local account, you can still log in:

  1. Home
  2. MARC view: Principles and labs for fitness & wellness /
Normal view MARC view ISBD view

Principles and labs for fitness & wellness / (Record no. 22442)

[ view plain ]
MARC details
000 -LEADER
fixed length control field 00655nam a2200217 a 4500
005 - DATE AND TIME OF LATEST TRANSACTION
control field 20140310183408.0
008 - FIXED-LENGTH DATA ELEMENTS--GENERAL INFORMATION
fixed length control field 121029s19uu xx 00 eng d
020 ## - INTERNATIONAL STANDARD BOOK NUMBER
International Standard Book Number 9781111425609
050 ## - LIBRARY OF CONGRESS CALL NUMBER
Classification number RA 781
Item number .H59 2012
100 ## - MAIN ENTRY--PERSONAL NAME
Personal name Hoeger, Werner W. K.
245 ## - TITLE STATEMENT
Title Principles and labs for fitness & wellness /
Statement of responsibility, etc Werner W.K. Hoeger, Sharon A. Hoeger.
250 ## - EDITION STATEMENT
Edition statement 8th ed.
260 ## - PUBLICATION, DISTRIBUTION, ETC. (IMPRINT)
Place of publication, distribution, etc Australia ; Belmont, CA :
Name of publisher, distributor, etc Thomson/Wadsworth,
Date of publication, distribution, etc 2012.
300 ## - PHYSICAL DESCRIPTION
Extent xvi, 464 p. :
Other physical details col. ill. ;
Dimensions 27 cm.
500 ## - GENERAL NOTE
General note Includes index
650 ## - SUBJECT ADDED ENTRY--TOPICAL TERM
Topical term or geographic name as entry element Physical fitness
650 ## - SUBJECT ADDED ENTRY--TOPICAL TERM
Topical term or geographic name as entry element Health
700 ## - ADDED ENTRY--PERSONAL NAME
Personal name Hoeger, Sharon A.
942 ## - ADDED ENTRY ELEMENTS (KOHA)
Koha item type Books
Source of classification or shelving scheme Library of Congress Classification
Call number prefix Foreign
Holdings
Withdrawn status Lost status Source of classification or shelving scheme Damaged status Home library Current library Shelving location Date acquired Source of acquisition Cost, normal purchase price Total Checkouts Total Renewals Full call number Barcode Date last seen Date checked out Copy number Price effective from Koha item type
    Library of Congress Classification   College Library College Library Reserve Section 10/29/2012   3888.00 1 3 RA 781 .H59 2012 C16428 05/15/2018 02/03/2016 1 10/10/2013 Books

Principles and labs for fitness & wellness /

APA

Hoeger W. W. K., Hoeger S. A., . (2012). Principles and labs for fitness & wellness. Australia ; Belmont, CA: Thomson/Wadsworth.

Chicago

Hoeger Werner W K, Hoeger Sharon A, . 2012. Principles and labs for fitness & wellness. Australia ; Belmont, CA: Thomson/Wadsworth.

Harvard

Hoeger W. W. K., Hoeger S. A., . (2012). Principles and labs for fitness & wellness. Australia ; Belmont, CA: Thomson/Wadsworth.

MLA

Hoeger Werner W K, Hoeger Sharon A, . Principles and labs for fitness & wellness. Australia ; Belmont, CA: Thomson/Wadsworth. 2012.

  • Place hold
  • Print
  • Cite
  • Add to your cart (remove)
  • Save record
    BIBTEX Dublin Core MARCXML MARC (non-Unicode/MARC-8) MARC (Unicode/UTF-8) MARC (Unicode/UTF-8, Standard) MODS (XML) RIS
  • More searches
    Search for this title in:
    Other Libraries (WorldCat) Other Databases (Google Scholar) Online Stores (Bookfinder.com) Open Library (openlibrary.org)

Exporting to Dublin Core...

SOUTHVILLE LIBRARY

Southville International School and Colleges Library

1281 Tropical Ave. Cor. Luxembourg St., BF Homes International, Las Pinas City

Tel. No. 8256374 / 252358 Loc. 117/146

Powered by Koha